| 000 | 00990nam a22003137a 4500 | ||
|---|---|---|---|
| 003 | CHAP | ||
| 005 | 20220329142511.0 | ||
| 008 | 010802d1984 es rd 00010 spa d | ||
| 010 | _a84391 | ||
| 011 | _a85363 | ||
| 035 | _a95896 | ||
| 040 | _cCHAP | ||
| 082 | 0 | 0 |
_a463 _bR4 1984 |
| 100 | 0 | 0 |
_aReal Academia Española. _994932 |
| 245 | 1 | 0 | _aDiccionario de la lengua española |
| 250 | _a20 ed. | ||
| 260 |
_aMadrid : _bLa Academia, _c1984 |
||
| 300 | _a1416 p. | ||
| 590 |
_aBATCH-UPD _b10 _c20130110 _lUCH01 _h2049 |
||
| 590 |
_aBATCH-UPD _b10 _c20130410 _lUCH01 _h1402 |
||
| 590 |
_aBATCH-UPD _b10 _c20130914 _lUCH01 _h1334 |
||
| 590 |
_aCONVERSION _b10 _c20130109 _lUCH01 _h1347 |
||
| 650 | 1 | 4 |
_aEspañol _xDiccionarios. _937725 |
| 901 | _aBK | ||
| 905 | _aMayto Villalobos S. | ||
| 942 | _cLIBRO | ||
| 949 |
_a463 R4 1984 t.1 _bBC _cC _d33724000838124 _eC _gDonaciØn CONASUPO _h100246 _i95896 _sb |
||
| 949 |
_a463 R4 1984 t.2 _bBC _cC _d33724000838074 _eC _gDonaciØn CONASUPO _h100247 _i95896 _sb |
||
| 999 |
_c84391 _d84391 |
||